Social Science Research Methodology : Concepts and Processes/by R.B. Gupta (Record no. 52222)

MARC details
000 -LEADER
fixed length control field 00501nam a22001577a 4500
003 - CONTROL NUMBER IDENTIFIER
control field OSt
008 - FIXED-LENGTH DATA ELEMENTS--GENERAL INFORMATION
fixed length control field 260623b |||||||| |||| 00| 0 eng d
020 ## - INTERNATIONAL STANDARD BOOK NUMBER
International Standard Book Number 9788170196396
082 ## - DEWEY DECIMAL CLASSIFICATION NUMBER
Classification number 300.72
Item number G97S
100 ## - MAIN ENTRY--PERSONAL NAME
Personal name Gupta, R.B.
245 ## - TITLE STATEMENT
Title Social Science Research Methodology : Concepts and Processes/by R.B. Gupta
260 ## - PUBLICATION, DISTRIBUTION, ETC. (IMPRINT)
Place of publication, distribution, etc Delhi :
Name of publisher, distributor, etc Today & Tomorrow Printers and Publishers
Date of publication, distribution, etc 2019.
300 ## - PHYSICAL DESCRIPTION
Extent 164 p.
650 ## - SUBJECT ADDED ENTRY--TOPICAL TERM
Topical term or geographic name as entry element Social sciences | India | Research methods | Social sciences
942 ## - ADDED ENTRY ELEMENTS (KOHA)
Source of classification or shelving scheme
Koha item type Books
Holdings
Withdrawn status Lost status Source of classification or shelving scheme Damaged status Not for loan Home library Current library Shelving location Date acquired Source of acquisition Cost, normal purchase price Total Checkouts Full call number Barcode Date last seen Bill Date Koha item type Bill Number
          Dr. Rajendra Prasad Central Agricultural University Pusa, Dr. Rajendra Prasad Central Agricultural University Pusa, General Stacks 23/06/2026 IBPSS, 1595.00   300.72 G97S 87506 23/06/2026 28/01/2026 Books Invoice No. IBPS/021/2025-26,
Hosted, Implemented, Customized & Maintained by: BestBookBuddies

Powered by Koha